Dominación del capital extranjero sobre capital nacional y el papel crucial de la tecnología. Control monopólico de la empresa transnacional Grace sobre el desarrollo papelero en el Perú

Gespeichert in:
Bibliographische Detailangaben
1. Verfasser: Soberón A., Luis
Format: Text
Veröffentlicht: Quito :
Tags: Tag hinzufügen
Keine Tags, Fügen Sie den ersten Tag hinzu!

MARC

LEADER 00000 a a2200000 04500
001 16168
003
040 |a CRAI/IIS  |c CRAI/IIS 
090 |a SO.0001 C749c  
100 |a Soberón A., Luis  
245 |a Dominación del capital extranjero sobre capital nacional y el papel crucial de la tecnología. Control monopólico de la empresa transnacional Grace sobre el desarrollo papelero en el Perú  
260 |a Quito :  
300 |a 21 p.  
999 |c 17798  |d 17798